Cristianesimo adulto in Dietrich Bonhoeffer

Uloženo v:
Podrobná bibliografie
Hlavní autor: Filippi, Nella (Autor)
Médium: Kniha
Jazyk:italština
Vydáno: Roma Herder 1974
Edice:Studia Universitatis S. Thomae in Urbe, 2
Témata:
Tagy: Přidat tag
Žádné tagy, Buďte první, kdo vytvoří štítek k tomuto záznamu!

MARC

LEADER 00000nam a2200000 a 4500
001 UCZ3894
003 CL-VaPUC
008 951027e19740000IT |||||||||||||||||ita|d
082 0 4 |a 210  |b FIL  |2 21 
100 0 |a Filippi, Nella  |e author  |9 347749 
245 1 0 |a Cristianesimo adulto in Dietrich Bonhoeffer 
300 |a 106 p 
942 |c BK 
945 |d 19951027 00:00:00  |a lriquelm 
260 |a Roma  |b Herder  |c 1974 
600 0 |a Dios  |9 314467 
650 0 |a Teología   |9 258766 
650 0 |a Enseñanza  |9 256457 
650 0 |a Filosofía contemporánea  |9 265372 
650 0 |a Cristianismo  |9 257361 
650 0 |a Textos sagrados   |9 257605 
583 |a last modification  |c 19951027 00:00:00  |k Rodrigo Vera 
490 0 |a Studia Universitatis S. Thomae in Urbe, 2 
999 |c 240339  |d 240337 
952 |0 0  |1 0  |4 0  |6 210_000000000000000_FIL_1974  |7 0  |8 P  |9 252177  |a BIBEDU  |b BIBEDU  |c BIBEDU_PB  |d 2019-11-18  |i 1591541  |o 210 FIL 1974  |p 1591541  |r 2024-01-25  |w 2019-11-18  |y BK  |k FIL